000 00955nam a2200241Ia 4500
001 17151
003 GE_BSU
008 181216s||||||||xx |||||||||||||| ||und||
040 _cGE_BSU
080 _a37.01
100 _aგოგებაშვილი, იაკობ
245 _aრჩეული ნაწერები : 4 ტომად.
245 _cგ. თავზიშვილის რედაქციით და წინასიტყვაობით.
260 _aთბილისი
260 _bსახელგამი
260 _c1940
300 _a556 გვ. : 1 ჩ. ფ. პორტრ.22სმ
300 _eდანართი: სახელთა საძიებელი გვ. 548-553.
653 _aპედაგოგიკა
653 _aპედაგოგიური თხზულებანი
653 _aრჩეული ნაწერები
942 _cBK
999 _c50213
_d50213